Đã lưu trong:
| Định dạng: | Điện tử |
|---|---|
| Ngôn ngữ: | Tiếng Ba Lan |
| Được phát hành: |
Warszawa :
1989.
|
| Phiên bản: | [Wyd. 15]. |
| Các nhãn: |
Không có thẻ, Là người đầu tiên thẻ bản ghi này!
|
MARC
| LEADER | 00000am|aa2200000i||4500 | ||
|---|---|---|---|
| 001 | 9912783265905606 | ||
| 005 | 20260515140227.0 | ||
| 008 | 260426t pl ||||| |||| 00| u pol d | ||
| 020 | |a 8310078528 | ||
| 035 | |a ZGI_1f405203-48omnis_zgi | ||
| 035 | |a f405203 | ||
| 035 | |a (PL)b0000150009279 | ||
| 040 | |a ZGI_1 |c ZGI_1 | ||
| 041 | |a pol | ||
| 080 | |a III/Prz | ||
| 080 | |a 821.133.1-93 | ||
| 090 | |c 78 |d 77 | ||
| 245 | 0 | ||
| 250 | |a [Wyd. 15]. | ||
| 260 | |a Warszawa : |c 1989. | ||
| 300 | |a 221 s. : |b il. ; |c 20 cm. | ||
| 650 | 9 | ||
| 920 | |a 83-10-07852-8 | ||
| 942 | |c K | ||
| 952 | |0 0 |1 0 |4 0 |6 R__59_000000000000000 |7 0 |9 76 |a RYT |b RYT |d 2026-04-26 |e 1/2026 |g 10.00 |l 0 |o R.59 |p 2000000000596 |r 2026-05-15 14:02:27 |w 2026-05-15 |y BK |z da | ||
| 999 | |c 76 |d 76 | ||